Normal view
MARC view
- Getting started in amateur radio
Entry Topical Term
001 - CONTROL NUMBER
- control field: 106124
003 - CONTROL NUMBER IDENTIFIER
- control field: NUST
005 - DATE AND TIME OF LATEST TRANSACTION
- control field: 20221227184207.0
008 - FIXED-LENGTH DATA ELEMENTS
- fixed length control field: 221227|| aca||aabn | a|a d
040 ## - CATALOGING SOURCE
- Original cataloging agency: NUST
- Transcribing agency: NUST
150 ## - HEADING--TOPICAL TERM
- Topical term or geographic name entry element: Getting started in amateur radio
670 ## - SOURCE DATA FOUND
- Source citation: Work cat.: (NUST)183513: Berens, Julius 106123, Getting started in amateur radio /, 1957
